• 首页
  • 本馆介绍
  • 公告通知
  • 最新文献
  • 馆藏检索
  • 电子资源
  • 读者导购
  • 参考咨询
  • 我的图书馆
  • 登录
  • 详细信息显示
  • 放入我的书架
  • 预约/预借图书
  • 作者相关作品
  • 分类相关作品
  • 丛书相关作品
  • 出版社相关作品

书目信息

  • 表格格式
  • 工作单格式
  • 卡片格式
题名:
灵魂颗粒
    
 
作者: 王久辛 著
分册:  
出版信息: 北京   作家出版社  2015
页数: 299页
开本: 21cm
丛书名:
单 册:
中图分类: I227.1
科图分类:
主题词: 新诗--xin shi--诗集--中国--当代
电子资源:
ISBN: 978-7-5063-7770-6
000 00604nam0 22002171 450
001 0120082136
005 20170320082136.0
010    @a978-7-5063-7770-6@b精装@dCNY39.00
100    @a20160128d2015 em y0chiy50 ea
101 0  @achi
102    @aCN@b110000
105    @aa z 000gy
106    @ar
200 1  @a灵魂颗粒@9ling hun ke li@f王久辛著
210    @a北京@c作家出版社@d2015
215    @a299页@c照片@d21cm
606 0  @a新诗@9xin shi@x诗集@y中国@z当代
690    @aI227.1@v5
701  0 @a王久辛@9wang jiu xin@f(1959~)@4著
801  0 @aCN@bTANGWEI@c20170308
905    @b0956432-5@dI227.1@e396@f4
    
    灵魂颗粒/王久辛著.-北京:作家出版社,2015
    299页:照片;21cm
    
    
    ISBN 978-7-5063-7770-6(精装):CNY39.00
    
●
相关链接 在E读中查询图书 在五车中查询图书 在当当中查询图书 在豆瓣中查询图书


正题名:灵魂颗粒     索取号:I227.1/396         预约/预借

序号 登录号 条形码 馆藏地/架位号 状态 备注
1 0956432   209564327   第一样本阅览室/ [索取号:I227.1/396] 在馆    
2 0956433   209564336   第二借阅区/ [索取号:I227.1/396] 在馆    
3 0956434   209564345   第二借阅区/ [索取号:I227.1/396] 在馆    
4 0956435   209564354   第二借阅区/ [索取号:I227.1/396] 在馆    
唐山师范学院图书馆 欢迎您!
大连网信软件有限公司© 版权所有